00753 2200193 4500001002100000005001500021035002000036245017200056100002200228250002000250300005500270856002200325700011400347260004200461082000800503084001400511020002200525650001200547INLIS00000000114853520260603010343 a0010-06260000681 aBiografi Karaeng Galesong /cPenulis: Juma Dharma Poetra, Penyunting: Bitbit Pakarisa dan Mutaroh A'mal, Perancang Sampul: Narto Anjala, Tata Visual Isi: Djanoekoening0 aJuma Dharma Poetr aCetakan Pertama ax + 134 halaman :bIlustrasi ;c14 x 20 cmeKertas aPerpustakaan Umum0 aPenyunting: Bitbit Pakarisa dan Mutaroh A'mal, Perancang Sampul: Narto Anjala, Tata Visual Isi: Djanoekoening aSulawesi Selatan :bArus Timur,c2026 a920 a920 JUM b a978-602-9057-96-6 4aSEJARAH